000 01173nmm a2200337 a 4500
001 ocm0001061931
003 TR-IsHL
005 20201028151203.0
008 150709s2013 tu tur
007 cr cn
020 _a9786055296360
035 _a1061931
_b(N$T)
050 0 4 _aDS38.5
_b.T66 2013
090 0 4 _aDS38.5
_b.T66 2013
100 1 _aTonga, Aydın
245 1 0 _aEmeviler: kabile gücünden din önderliğine yükselişin öyküsü
_h[electronic resource] /
_cAydın Tonga
250 _a1. Baskı: Eylül 2013.
260 _aİstanbul :
_bDoğu Kitabevi,
_c2013
300 _a218 p.
500 _aIncludes bibliographical references (pages 213-216).
_x
650 4 _aTarih
650 4 _aHistory
650 0 _aEmevi hanedanlığı
650 0 _aUmayyad dynasty
650 0 _aİslam İmparatorluğu
_x Tarih, 661-750
650 0 _aIslamic Empire
_xHistory
_x661-750
650 0 _aİslam İmparatorluğu
_x Politika ve yönetim
650 0 _aIslamic Empire
_xPolitics and government
650 7 _aRELIGION / Islam / History
_2bisacsh
856 4 0 _uhttp://search.ebscohost.com/login.aspx?direct=true&scope=site&db=e011xww&AN=1061931
999 _c10877
_d10877